| 000 | 00636nam a22002057a 4500 | ||
|---|---|---|---|
| 005 | 20251108173141.0 | ||
| 008 | 250721s2005 xx 000 0 ara d | ||
| 020 | _a9773458369 | ||
| 082 | 1 | 4 | _a158.1/شاب |
| 100 | 1 | _aشابيرو، مو | |
| 245 | 1 | 0 | _aكيف تغير تفكيرك لتطوير حياتك ؟ / |
| 246 | 1 | 1 | _aSHIFT YOUR THINKING CHANGE YOUR LIFE |
| 264 | 1 |
_aالقاهرة : _bدار الفاروق للنشر و التوزيع، _c2005. |
|
| 300 | _a96ص | ||
| 650 | 1 | 7 | _aالصحة النفسية |
| 650 | 1 | 7 | _aالحياة الناجحة |
| 650 | 1 | 7 | _aالأفكار |
| 942 |
_2ddc _cBK |
||
| 999 |
_c97201 _d97201 |
||